000 01055nam a22002897a 4500
005 20240530110448.0
008 150430s2010 ua g bbbb 000 0 ara d
017 _a19090/2009
_bمصر . دار الكتب المصرية
020 _a9789773191152
040 _aEG-CaGPL
082 0 4 _221
_a323\
_bم ح
100 0 _aمحمد صادق اسماعيل
245 1 0 _aحقوق عربية ضائعة قراءة فى قضايا اجتماعية معاصرة /
_cمحمد صادق اسماعيل
250 _aط1
260 _aالقاهرة :
_bالعربى للنشر و التوزيع ،
_c2010 .
300 _a280 ص ؛
_c24 سم .
504 _aيشتمل على ارجاعات ببليوجرافية
650 0 4 _aحقوق الانسان
650 0 4 _aحق الاجتماع
650 0 4 _aالحقوق المدنية
650 0 4 _aالحقوق السياسية
650 0 4 _aالحقوق الدستورية
650 0 4 _aالحرية
650 0 4 _aالمواطنة
942 _2ddc
_cBK
999 _c61186
_d61186